| 000 | 01024cab a2200205 4500 | ||
|---|---|---|---|
| 001 | X1786 | ||
| 008 | 090401t1995 xxu||||| |||| 00| 0 eng d | ||
| 035 | _a(Sirsi) u19266 | ||
| 041 | _aeng | ||
| 245 | _aWebbs Country Foods Ltd v SoS Environment and Kennet DC | ||
| 260 | _c1995 | ||
| 350 | _a0 | ||
| 490 |
_aJournal of Planning and Environment Law _v1995 JPL 33-38(6) |
||
| 520 | _aQBD 17 August 1993. Planning refusal for erection of three poultry houses - visual impact - smell - effect on amenities of nearby residents - impact of lorry movements - demonstrable harm - PPG 1 para 5 - no single test universally applicable of the degree of risk of harm - varies form case to case - decision maker applies the test and gives reasons - level of risk to be demonstrated will depend on the circumstances of the case - Inspector acted correctly - application dismissed. | ||
| 650 | _aDEMONSTRABLE HARM | ||
| 650 | _aPOULTRY HOUSE | ||
| 690 | _aPLANNING LAW AND PRACTICE-CASE LAW | ||
| 942 | _n0 | ||
| 948 | _c04/03/1997 | ||
| 999 |
_c12846 _d12846 |
||